Economía
Bewaard in:
| Hoofdauteurs: | , |
|---|---|
| Formaat: | Boek |
| Taal: | Spaans |
| Gepubliceerd in: |
Ciudad de México
Prentice-Hall Hispanoamericana
1987
|
| Onderwerpen: | |
| Tags: |
Voeg label toe
Geen labels, Wees de eerste die dit record labelt!
|
MARC
| LEADER | 00000nam a2200000 a 4500 | ||
|---|---|---|---|
| 001 | UCX4876 | ||
| 003 | CL-VaPUC | ||
| 008 | 920807e19870000MX |||||||||||||||||spa|d | ||
| 082 | 0 | 4 | |a 330 |b HEL |2 21 |
| 100 | |a Heilbroner, Robert L |e author |9 449968 | ||
| 700 | 0 | |a Thurow, Lester C |e author |9 321157 | |
| 245 | 1 | 0 | |a Economía |
| 300 | |a 742 p | ||
| 942 | |c BK | ||
| 945 | |d 19920807 00:00:00 |a mfernand | ||
| 260 | |a Ciudad de México |b Prentice-Hall Hispanoamericana |c 1987 | ||
| 650 | 0 | |a Economía |9 255568 | |
| 583 | |a last modification |c 20160426 12:12:10 |k Rodrigo Vera | ||
| 999 | |c 225249 |d 225247 | ||
| 952 | |0 0 |1 0 |4 0 |6 330_000000000000000_HEL_1987 |7 0 |8 P |9 222626 |a BIBENE |b BIBENE |d 2019-11-15 |i 2993120 |o 330 HEL 1987 |p 2993120 |r 2025-01-15 |w 2019-11-15 |y BK |k ICO | ||